| 000 | 00727nam a2200253 a 4500 | ||
|---|---|---|---|
| 001 | adlib96000001 | ||
| 003 | ViArRB | ||
| 005 | 200902210153555.7 | ||
| 008 | 960221s1955 dcuabcdjdbkoqu001 0deng d | ||
| 020 | _a81-7119-246-0 | ||
| 022 | _a | ||
| 040 | _aAdlib | ||
| 082 | _a678:633.91(54-52) | ||
| 245 | _aHindi kahani prakriya aur path | ||
| 250 | _a | ||
| 260 |
_aNew Delhi _bRadhakrisna Prakashan Pvt. Ltd. _c1995 |
||
| 300 |
_a164p. _c |
||
| 500 | _a | ||
| 100 |
_aChaudhary, Surendra _e |
||
| 700 |
_a _a |
||
| 942 | _cBK | ||
| 653 |
_aCriticism-Hindi literature _aCriticism - Hindi Literature |
||
| 952 |
_w2010-06-16 _p00044825 _r2010-06-16 _40 _00 _bUL _10 _o89H-32.09 CHA _d2010-06-16 _70 _yBK _aUL |
||
| 999 |
_c41193 _d41192 |
||